[Event "SRB-chT 2nd League West"]
[Site "Kragujevac"]
[Date "2019.10.04"]
[Round "8.7"]
[White "Isailovic, Goran"]
[Black "Semsovic, Alija"]
[Result "1-0"]
[WhiteElo "2201"]
[BlackElo "2005"]
[PlyCount "96"]
[EventDate "2019.09.06"]
[EventType "team-tourn"]
[EventRounds "11"]
[EventCountry "SRB"]
[SourceTitle "EXT 2020"]
[Source "ChessBase"]
[SourceDate "2019.10.17"]
[SourceVersion "1"]
[SourceVersionDate "2019.10.17"]
[SourceQuality "1"]
[WhiteTeam "Krupanj"]
[BlackTeam "Tutin"]
[WhiteTeamCountry "SRB"]
[BlackTeamCountry "SRB"]

1. e4 e5 2. Nf3 Nc6 3. d4 exd4 4. Bc4 Be7 5. 0-0 Na5 6. Qxd4 Nxc4 7. Qxc4 d6 8. Nc3 c6 9. Bf4 Be6 10. Qd3 Qc7 11. Rfe1 Nh6 12. Nd4 0-0-0 13. Nxe6 fxe6 14. Qc4 e5 15. Bg3 Ng4 16. h3 Nf6 17. b4 Nh5 18. b5 Nxg3 19. fxg3 d5 20. exd5 cxd5 21. Qb3 Qc5+ 22. Kh1 Rd7 23. Rad1 Rhd8 24. Na4 Qd6 25. b6 a6 26. Qc3+ Qc6 27. Qxc6+ bxc6 28. Rxe5 Kb7 29. Rb1 Bf8 30. h4 Rf7 31. Rbe1 Bd6 32. Re6 c5 33. Kg1 Kc6 34. Rb1 Kd7 35. Re3 Kc6 36. c3 Rdf8 37. Re2 h5 38. Re6 Kd7 39. Rg6 Re8 40. b7 Bb8 41. Nxc5+ Kd8 42. Rf1 Rfe7 43. Rg5 Ba7 44. Rxd5+ Kc7 45. Kh2 Kc6 46. Rdf5 g6 47. Rg5 Re2 48. Nxa6 Rxa2 1-0

[Event "SRB-chT2 West"]
[Site "Arandjelovac"]
[Date "2018.10.04"]
[Round "6.6"]
[White "Isailovic, Goran"]
[Black "Djokic, Mihailo"]
[Result "0-1"]
[WhiteElo "2189"]
[BlackElo "2127"]
[PlyCount "68"]
[EventDate "2018.09.07"]
[EventType "team-tourn"]
[EventRounds "11"]
[EventCountry "SRB"]
[SourceTitle "EXT 2021"]
[Source "ChessBase"]
[SourceDate "2020.10.23"]
[SourceVersion "1"]
[SourceVersionDate "2020.10.23"]
[SourceQuality "1"]
[WhiteTeam "Krupanj"]
[BlackTeam "Prijepolje Priko"]
[WhiteTeamCountry "SRB"]
[BlackTeamCountry "SRB"]

1. e4 c5 2. Nf3 d6 3. d4 cxd4 4. Nxd4 Nf6 5. Nc3 g6 6. Be2 Bg7 7. 0-0 0-0 8. Bg5 Nc6 9. Nb3 h6 10. Bh4 Be6 11. f4 Qd7 12. Kh1 Bg4 13. h3 Bxe2 14. Qxe2 Rac8 15. Rad1 Qe6 16. Rfe1 Nd7 17. Qf3 Qc4 18. e5 g5 19. Re4 Qa6 20. fxg5 Ndxe5 21. Qh5 hxg5 22. Bxg5 Ng6 23. Be3 Nce5 24. Nd5 f5 25. Rh4 e6 26. Nb4 Qb5 27. Qh7+ Kf7 28. Bh6 Rg8 29. Nd4 Qd7 30. Nxf5 exf5 31. Rh5 Ke6 32. Nd5 Qf7 33. Ne3 Rh8 34. Nxf5 Qxf5 0-1

[Event "SRB-chT2 West"]
[Site "Arandjelovac"]
[Date "2018.09.08"]
[Round "3.1"]
[White "Lekic, Miodrag"]
[Black "Isailovic, Goran"]
[Result "0-1"]
[WhiteElo "2208"]
[BlackElo "2189"]
[PlyCount "76"]
[EventDate "2018.09.07"]
[EventType "team-tourn"]
[EventRounds "11"]
[EventCountry "SRB"]
[SourceTitle "EXT 2021"]
[Source "ChessBase"]
[SourceDate "2020.10.23"]
[SourceVersion "1"]
[SourceVersionDate "2020.10.23"]
[SourceQuality "1"]
[WhiteTeam "Arandjelovac"]
[BlackTeam "Krupanj"]
[WhiteTeamCountry "SRB"]
[BlackTeamCountry "SRB"]

1. d4 Nf6 2. Nf3 g6 3. b3 Bg7 4. Bb2 0-0 5. g3 d6 6. Bg2 Nbd7 7. 0-0 c5 8. d5 b5 9. c4 bxc4 10. bxc4 Nb6 11. Nbd2 Bd7 12. Qc2 Na4 13. Rab1 Nxb2 14. Rxb2 Qa5 15. Rb7 Rab8 16. Rfb1 Rxb7 17. Rxb7 Qa6 18. Qb3 h6 19. e4 Ba4 20. Qb1 Bc2 21. Qb5 Qxa2 22. Rxe7 Qa1+ 23. Bf1 Ng4 24. h3 Ne5 25. Kg2 Qc3 26. Be2 a5 27. Qa6 a4 28. Qxd6 Nxf3 29. Bxf3 Qxd2 30. e5 Qc3 31. Qxc5 Bxe5 32. d6 Bd4 33. Qd5 Bf6 34. Qc6 Qb4 35. Rb7 Qd2 36. Bd5 Qe2 37. Re7 Bxe7 38. dxe7 Qxe7 0-1

[Event "SRB-chT3 North CS"]
[Site "Sabac"]
[Date "2014.10.03"]
[Round "3.5"]
[White "Isailovic, Goran"]
[Black "Jovanovic, Drasko"]
[Result "1-0"]
[WhiteElo "2218"]
[BlackElo "2266"]
[PlyCount "65"]
[EventDate "2014.10.02"]
[EventType "team-swiss"]
[EventRounds "6"]
[EventCountry "SRB"]
[SourceTitle "EXT 2021"]
[Source "ChessBase"]
[SourceDate "2020.10.23"]
[SourceVersion "1"]
[SourceVersionDate "2020.10.23"]
[SourceQuality "1"]

1. e4 Nc6 2. d4 d5 3. e5 f6 4. f4 Nh6 5. c3 Bf5 6. Nf3 Qd7 7. Bd3 e6 8. 0-0 Be7 9. a4 a6 10. b4 0-0 11. h3 fxe5 12. fxe5 Bxd3 13. Qxd3 Nf5 14. Bf4 a5 15. b5 Na7 16. Nbd2 Nc8 17. Nb3 Nb6 18. g4 Nh4 19. Nxh4 Bxh4 20. Nc5 Qc8 21. g5 Rf5 22. Bd2 Nc4 23. Rxf5 exf5 24. Bc1 b6 25. Nb3 Qe6 26. Ra2 g6 27. Re2 Rf8 28. Bf4 Kh8 29. Nd2 h6 30. Nf3 hxg5 31. Bxg5 Bg3 32. Bf6+ Rxf6 33. Ng5 1-0